Structural Gaiatsu: international finance and political change in Japan (Record no. 44005)

000 -LEADER
fixed length control field 00833pab a2200169 454500
008 - FIXED-LENGTH DATA ELEMENTS--GENERAL INFORMATION
fixed length control field 180718b1999 xxu||||| |||| 00| 0 eng d
100 ## - MAIN ENTRY--PERSONAL NAME
Personal name Pempel, T.J.
245 ## - TITLE STATEMENT
Title Structural Gaiatsu: international finance and political change in Japan
260 ## - PUBLICATION, DISTRIBUTION, ETC.
Date of publication, distribution, etc. 1999
300 ## - PHYSICAL DESCRIPTION
Extent p.907-32
362 ## - DATES OF PUBLICATION AND/OR SEQUENTIAL DESIGNATION
Dates of publication and/or sequential designation Dec
520 ## - SUMMARY, ETC.
Summary, etc. This article contends that key structural changes in Japan's political economy have been the result of Japan's new interactions with world capital markets. A once closed system is now substantially more open to currency fluctuations and enhanced capital movements into and out of Japan. These have led to sweeping systemwide alterations in Japan's prior system. - Reproduced
650 ## - SUBJECT ADDED ENTRY--TOPICAL TERM
Topical term or geographic name entry element International finance - Japan
650 ## - SUBJECT ADDED ENTRY--TOPICAL TERM
Topical term or geographic name entry element International finance
773 ## - HOST ITEM ENTRY
Main entry heading Comparative Political Studies
909 ## -
-- 44005
Holdings
Withdrawn status Lost status Damaged status Not for loan Permanent Location Current Location Date acquired Serial Enumeration / chronology Barcode Date last seen Price effective from Koha item type
        Indian Institute of Public Administration Indian Institute of Public Administration 2018-07-19 Volume no: 32, Issue no: 8 AR44411 2018-07-19 2018-07-19 Articles

Powered by Koha